Description de la mosaïque dite des Zouaves récemment découvertes à Sétif /

Saved in:
Bibliographic Details
Main Author: Jacquot, Lucien.
Format: Book
Language:French
Published: [Constantine : L. Arnolet, 1897].
Subjects:
Tags: Add Tag
No Tags, Be the first to tag this record!
LEADER 00868nam a2200229K 4500
001 006123777-9
005 20100120100916.0
008 951029s1897 ae 000 0 fre d
035 0 |a ocm83713141 
040 |a DDO  |c DDO 
043 |a f-ae--- 
100 1 |a Jacquot, Lucien. 
245 1 0 |a Description de la mosaïque dite des Zouaves récemment découvertes à Sétif /  |c par Lucien Jacquot. 
260 |a [Constantine :  |b L. Arnolet,  |c 1897]. 
300 |a p. 235-250 ;  |c 23 cm. 
500 |a Extracted from: Recueil des notices et mémoires de la Société archéologique du département de Constantine. (1897). 
650 0 |a Mosaics  |z Algeria  |z Sétif. 
651 0 |a Sétif (Algeria)  |x Antiquities. 
651 0 |a Algeria  |x Antiquities. 
730 0 |a Recueil des notices et mémoires de la Société archéologique du département de Constantine. 
988 |a 20020608 
906 |0 MH